000 00328nam a2200133Ia 4500
008 150201s2009 xx 000 0 und d
082 _a617
_bB09B
100 _aBHAT, M SRIRAM
245 _aSRB'S BESIDE CLINICA IN SURGERY
250 _a1ST
260 _bJAYPEE BROTHERS
_aDELHI
_c2009
650 _aSURGERY
942 _2ddc
_cBK
_016
999 _c1025
_d1025